00361nam a2200157Ia 4500008004000000041000800040082001200048100001500060245003100075260004200106300001200148650001200160650001200172650001100184650000800195210210b1897 xxu||||| |||| 00| 0 eng d aeng a030/121 aWILMET (J) aArabic and english lexican aLondonbJohnson Publishing Co.,c1897 axvi,824 alexican aenglish aArabic aand